ملک خدا تنگ نيست (Record no. 1593)

MARC details
000 -LEADER
fixed length control field 01048 a2200241 4500
005 - DATE AND TIME OF LATEST TRANSACTION
control field 20081010114137.0
008 - FIXED-LENGTH DATA ELEMENTS--GENERAL INFORMATION
fixed length control field 081010t xxu||||| |||| 00| 0 ur d
010 ## - LCCN (DPL NO)
LC control number UR-7283
020 ## - INTERNATIONAL STANDARD BOOK NUMBER
Terms of availability 300.00
035 ## - SYSTEM CONTROL NUMBER
System control number U-5838
037 ## - SOURCE OF ACQUISITION
Source of stock number/acquisition D.B.Act /pub
082 ## - DEWEY DECIMAL CLASSIFICATION NUMBER
Classification number 954
100 ## - MAIN ENTRY--PERSONAL NAME
Personal name قر يشی رفعت سعيد
245 ## - TITLE STATEMENT
Title ملک خدا تنگ نيست
Statement of responsibility, etc رفعت سعيد قر يشی
246 ## - VARYING FORM OF TITLE
Title proper/short title mulk-e-khuda tang-neest
Remainder of title by Qureshi Rafat Saeed
260 ## - PUBLICATION, DISTRIBUTION, ETC. (IMPRINT)
Place of publication, distribution, etc اور نگ آبا د
Name of publisher, distributor, etc شاکر قر يشی و صا بر قر /بھار تيہ کلا تر کا شن
Date of publication, distribution, etc 2005
270 ## - ADDRESS
Address پلا ٹ نمبر4پرو فيسر س کا لو نی رہلی گيٹ
City اور نگ آبا د
Telephone number 02402390842
300 ## - PHYSICAL DESCRIPTION
Extent 156 ص
Dimensions 22 سينٹی ميٹر
650 ## - SUBJECT ADDED ENTRY--TOPICAL TERM
Topical term or geographic name as entry element تا ر يخ
700 ## - ADDED ENTRY--PERSONAL NAME
Personal name شاکر قر يشی و صا بر قر يشی
942 ## - ADDED ENTRY ELEMENTS (KOHA)
Institution code [OBSOLETE] dpl
Item type Urdu Bks
Call number prefix 954 /ق ر ی
Source of classification or shelving scheme Dewey Decimal Classification
Classification part 954
Call number suffix ق ر ی
Holdings
Withdrawn status Lost status Source of classification or shelving scheme Damaged status Not for loan Collection code Home library Current library Date acquired Cost, normal purchase price Total Checkouts Full call number Barcode Date last seen Copy number Cost, replacement price Koha item type
    Dewey Decimal Classification   Not For Loan Non-fiction D.B.Act.Division D.B.Act.Division 10/10/2008 300.00   954 ق ر ی U-5838 15/09/2008 1 300.00 Urdu Bks

© Delhi Public Library
Hit Counter
free hit counter